Acteurs de films Marvel - Vrai ou Faux ? - Statistiques

Statistiques générales
  • Ce quiz a été pris 145 fois
  • Le résultat moyen est 31 sur 50
Statistiques - réponses
Hint Explanation Réponse % Correct
Scarlett Johansson est l'actrice de Black Widow Vrai
85%
Robert Downey Jr. est l'acteur d'Iron Man Vrai
82%
Tom Holland est l'acteur de Spider-Man Vrai
82%
Ryan Reynolds est l'acteur de Deadpool Vrai
81%
Chris Evans est l'acteur de Captain America Vrai
80%
Brie Larson est l'actrice de Captain Marvel Vrai
79%
Mark Ruffalo est l'acteur de Hulk Vrai
79%
Hugh Jackman est l'acteur de Wolverine Vrai
78%
Chris Pratt est l'acteur de Star Lord Vrai
76%
Pedro Pascal est l'acteur de Docteur Strange Pedro Pascal est l'acteur de Reed Richards/Mr. Fantastique. L'acteur de Docteur Strange est Benedict Cumberbatch. Faux
74%
Harrison Ford est l'acteur de Red Hulk Vrai
74%
Dave Bautista est l'acteur de Razor Fist Dave Bautista est l'acteur de Drax. Florian Munteanu est quant à lui l'acteur de Razor Fist. Faux
71%
Chadwick Boseman est l'acteur de Black Panther Vrai
71%
Tom Hiddleston est l'acteur de Kang Tom Hiddleston est l'acteur de Loki. L'acteur de Kang est Jonathan Majors. Faux
69%
Samuel L. Jackson est l'acteur de Luke Cage Samuel L. Jackson joue Nick Fury. L'acteur de Luke Cage est Mike Colter. Faux
67%
Channing Tatum est l'acteur de Gambit Vrai
67%
Michael Douglas est l'acteur de la Guêpe Michael Douglas est l'acteur d'Hank Pym, alias Ant-Man. La Guêpe représente Janet van Dyne, jouée par Michelle Pfeiffer, et sa fille Hope, jouée par Evangeline Lilly. Faux
66%
Elizabeth Olsen est l'actrice de la Femme Invisible Elizabeth Olsen est l'actrice de Wanda Maximoff/Sorcière Rouge. La Femme Invisible a été interprétée par Jessica Alba, Kate Mara et Vanessa Kirby. Faux
66%
Anthony Hopkins est l'acteur d'Odin Vrai
66%
Oscar Isaac est l'acteur de Cyclope Oscar Isaac est l'acteur de Moon Knight. Cyclope a été joué par James Marsden, Tim Pocock et Tye Sheridan Faux
65%
Edward Norton est l'acteur de Hulk Vrai
65%
Liam Hemsworth est l'acteur de Thor C'est son frère Chris qui joue Thor. Faux
64%
Robert Downey Jr. est l'acteur de Victor von Fatalis Vrai
64%
Benedict Wong est l'acteur de Wong Vrai
64%
Morgan Freeman est l'acteur de Everett Ross C'est Martin Freeman et non Morgan Freeman qui interprète Everett Ross. Faux
63%
Charlie Cox est l'acteur de Ant-Man Charlie Cox est l'interprète de Matt Murdock/Daredevil. Ant-Man peut référer à Hank Pym, joué par Michael Douglas, et Scott Lang, joué par Paul Rudd. Faux
63%
Robert Reynolds est l'acteur de Lewis Pullman C'est l'inverse, Lewis Pullman est l'acteur de Robert Reynolds/Bob/Sentry. Faux
63%
Natalie Portman est l'actrice de Darcy Lewis Natalie Portman est l'actrice de Jane Foster. L'actrice de Darcy Lewis est Kat Dennings. Faux
62%
Josh Brolin est l'acteur de Zeus Josh Brolin est l'acteur de Thanos et Cable. L'acteur de Zeus est Russell Crowe Faux
61%
Iman Vellani est l'acteur de Moon Knight Iman Vellani est une actrice, et elle a joué Miss Marvel. Moon Knight est interprété par Oscar Isaac. Faux
58%
Jude Law est l'actrice de Minn-Erva Jude Law est un acteur, et il joue Yon-Rogg. Minn-Erva (ainsi que Sersi) sont interprétées par Gemma Chan. Faux
58%
Jon Favreau est l'acteur de James Rhodes Jon Favreau est l'acteur de Happy Hogan. James Rhodes/War Machine a été joué par Terrence Howard et Don Cheadle. Faux
58%
Wesley Snipes est l'acteur de Blade Vrai
57%
Ian McKellen est l'acteur de Charles Xavier Ian McKellen est l'acteur de Magneto. Charles Xavier a été interprété par Patrick Stewart et James McAvoy. Faux
54%
Karen Gillan est l'actrice de Gamora Karen Gillan est Nebula et Zoe Saldaña est Gamora. Faux
54%
Laetitia Wright est l'actrice de Black Panther Vrai
53%
James Gunn est l'acteur de Kraglin C'est son frère Sean Gunn qui joue Kraglin. Faux
51%
Harry Styles est l'acteur d'Ikaris Harry Styles est l'acteur de Eros/Starfox. Ikaris est joué par Richard Madden. Faux
51%
Glenn Close est l'actrice de Janet van Dyne Glenn Close interprète Irani rael/Nova Prime. Janet van Dyne est jouée par Michelle Pfeiffer. Faux
50%
Michael B. Jordan est l'acteur de la Torche Humaine Vrai
50%
Anthony Mackie est l'acteur de Captain America Vrai
50%
Woody Harrelson est l'acteur de Carnage Vrai
50%
Justin Hammer est l'acteur de Sam Rockwell C'est l'inverse, Sam Rockwell est l'acteur de Justin Hammer. Faux
48%
Andy Serkis est l'acteur de Ulysses Klaue Vrai
48%
John Krasinski est l'acteur de Black Bolt John Krasinki est l'acteur de Reed Richards/Mr.Fantastique. L'acteur de Black Bolt est Anson Mount. Faux
46%
Danny Ramirez est l'acteur de Falcon Vrai
45%
Eddie Brock est l'acteur de Venom Eddie Brock est le nom du personnage possédé par le symbiote de Venom. Il a été joué par Christopher John Grace dans Spider-Man 3 et par Tom Hardy dans les films Venom. Faux
41%
Taika Waititi est l'acteur de Nanani Nananère Vrai
39%
Heinlee Steinfeld est l'actrice de Hawkeye Vrai
37%
Simu Liu est l'acteur de Xu Wenwu Simu Liu est l'acteur de Shang-Chi. L'acteur de Xu Wenwu est Tony Leung Chiu-wai. Faux
29%
Aucun quiz correspondant
Distribution des résultats
% des personnes avec chaque résultat
Percentile par nombre de réponses
Votre historique - résultats
Vous n’avez pas pris ce quiz